| 000 | 00722nam a22002297a 4500 | ||
|---|---|---|---|
| 003 | UA-OsUOA | ||
| 001 | 135890 | ||
| 007 | ta | ||
| 008 | 20190222b un ||||| |||| 00| 0 ukr d | ||
| 090 |
_a94(477.83/86) _bО-13 |
||
| 942 | _cBK | ||
| 040 |
_aUA-OsUOA _bukr _cUA-OsUOA _dUA-OsUOA |
||
| 245 |
_aОбертин _bоповіді про життя містечка _cнаук. ред. П. Зубовський, М. Якімовіч |
||
| 300 | _a510 с. | ||
| 955 | _a2 | ||
| 041 | _aukr | ||
| 080 | _a94(477.83/86) | ||
| 020 | _a978-83-949876-4-8 | ||
| 260 |
_aВроцлав _bПам'ять і Майбутнє _c2018 |
||
| 650 | 7 |
_a9 Географія. Біографії. Історія _2UDC |
|
| 999 |
_c418873 _d418873 |
||